• 首页
  • 本馆介绍
  • 公告通知
  • 最新文献
  • 馆藏检索
  • 电子资源
  • 读者导购
  • 参考咨询
  • 我的图书馆
  • 登录
  • 详细信息显示
  • 放入我的书架
  • 预约/预借图书
  • 作者相关作品
  • 分类相关作品
  • 丛书相关作品
  • 出版社相关作品

书目信息

  • 表格格式
  • 工作单格式
  • 卡片格式
题名:
数字摄影测量学
    
 
作者: 耿则勋 , 张保明 , 范大昭 编著
分册:  
出版信息: 北京   测绘出版社  2019.7
页数: 261页
开本: 26cm
丛书名:
单 册:
中图分类: P231.5
科图分类:
主题词: 数字摄影测量--高等教育--教材 , 数字摄影测量
电子资源:
ISBN: 978-7-5030-2106-0
000 01082nam0 2200301 45
001 012001000426
005 20140911141845.0
010    @a978-7-5030-2106-0@dCNY38.00
100    @a20101213d2010 em y0chiy50 ea
101 0  @achi
102    @aCN@b110000
105    @aa z 000yy
106    @ar
200 1  @a数字摄影测量学@dDigital photogrammetry@f耿则勋,张保明,范大昭编著@zeng@Ashu zi she ying ce liang xue
210    @a北京@c测绘出版社@d2019.7
215    @a261页@c图@d26cm
300    @a普通高等教育“十一五”国家级规划教材 测绘科技专著出版基金资助
300    @a并列题名:Digital photogrammetry
330    @a本书系统介绍了数字摄影测量的理论基础、基本过程及其所涉及的理论与算法,以及数字摄影测图软件系统与工作站等。
510 1  @aDigital photogrammetry@zeng
606 0  @a数字摄影测量@x高等教育@j教材
606 0  @a数字摄影测量
690    @aP231.5@v4
701  0 @a耿则勋@4编著@Ageng ze xun
701  0 @a张保明@f(1961~)@4编著@Azhang bao ming
701  0 @a范大昭@c(测绘)@4编著@Afan da zhao
801  0 @aCN@bBJSDL@c20211011
905    @b1331457-60@dP231.5@e359@f4
    
    数字摄影测量学=Digital photogrammetry/耿则勋,张保明,范大昭编著.-北京:测绘出版社,2019.7
    261页:图;26cm
    普通高等教育“十一五”国家级规划教材 测绘科技专著出版基金资助.-并列题名:Digital photogrammetry
    
    ISBN 978-7-5030-2106-0:CNY38.00
    本书系统介绍了数字摄影测量的理论基础、基本过程及其所涉及的理论与算法,以及数字摄影测图软件系统与工作站等。
●
相关链接 在E读中查询图书 在五车中查询图书 在当当中查询图书 在豆瓣中查询图书


正题名:数字摄影测量学     索取号:P231.5/359         预约/预借

序号 登录号 条形码 馆藏地/架位号 状态 备注
1 1331457   213314572   第二样本阅览室/ [索取号:P231.5/359] 在馆    
2 1331458   213314581   第三借阅区/ [索取号:P231.5/359] 在馆    
3 1331459   213314590   第三借阅区/ [索取号:P231.5/359] 在馆    
4 1331460   213314607   第三借阅区/ [索取号:P231.5/359] 在馆    
唐山师范学院图书馆 欢迎您!
大连网信软件有限公司© 版权所有